Catálogo
 En Linea

Delitos relacionados con el sistema informatico y la red cibernetica limitaciones del sistema. (Registro nro. 4768)

Detalles MARC
000 -CABECERA
campo de control de longitud fija 00309nam a2200097 a 4500
005 - FECHA Y HORA DE LA ÚLTIMA TRANSACCIÓN
campo de control 20200929151539.0
008 - DATOS DE LONGITUD FIJA--INFORMACIÓN GENERAL
campo de control de longitud fija 090728s2002 000 spa d
040 ## - FUENTE DE LA CATALOGACIÓN
Centro catalogador/agencia de origen DO-SdBNP
245 #0 - MENCIÓN DE TÍTULO
Título Delitos relacionados con el sistema informatico y la red cibernetica limitaciones del sistema.
260 ## - PUBLICACIÓN, DISTRIBUCIÓN, ETC.
Lugar de publicación, distribución, etc. Santo Domingo,
Fecha de publicación, distribución, etc. 2002.

No hay ítems disponibles.

Con tecnología Koha